Spectral analysis of granular material reaction to long-term weak dynamic effect; IOP Conference Series: Materials Science and Engineering; Vol. 91: VI International Scientific Practical Conference on Innovative Technologies and Economics in Engineering, Yurga, Russia, 21-23 May 2015
| Parent link: | IOP Conference Series: Materials Science and Engineering Vol. 91: VI International Scientific Practical Conference on Innovative Technologies and Economics in Engineering, Yurga, Russia, 21-23 May 2015.— 2015.— [012089, 8 p.] |
|---|---|
| Hovedforfatter: | |
| Institution som forfatter: | |
| Andre forfattere: | , |
| Summary: | Title screen The paper demonstrates the similarity of alternating reaction of rocks to explosions to the response of a granular material to repetitive (up to 330 thousands) light shocks (3.85 -10{-3} J, frequency 1.33 Hz). The cause of both reactions is multiple forms of equilibrium of geomaterials. It has been stated that pressure of the sensor in a granular material subject to long-term weak effects doesn't relax to the hydrostatic one, but oscillates about it with the amplitude about its value. The spectral density of this process obeys the power dependence on the frequency; the exponent is typical for black noise. Режим доступа: по договору с организацией-держателем ресурса |
| Sprog: | engelsk |
| Udgivet: |
2015
|
| Serier: | Advanced technologies and equipment for agro-industrial complex (AIC) and mining |
| Fag: | |
| Online adgang: | http://dx.doi.org/10.1088/1757-899X/91/1/012089 http://earchive.tpu.ru/handle/11683/20040 |
| Format: | Electronisk Book Chapter |
| KOHA link: | https://koha.lib.tpu.ru/cgi-bin/koha/opac-detail.pl?biblionumber=644493 |
MARC
| LEADER | 00000nla2a2200000 4500 | ||
|---|---|---|---|
| 001 | 644493 | ||
| 005 | 20231102025331.0 | ||
| 035 | |a (RuTPU)RU\TPU\network\9574 | ||
| 035 | |a RU\TPU\network\9570 | ||
| 090 | |a 644493 | ||
| 100 | |a 20151118a2015 k y0engy50 ba | ||
| 101 | 0 | |a eng | |
| 105 | |a a z 101zy | ||
| 135 | |a drgn ---uucaa | ||
| 181 | 0 | |a i | |
| 182 | 0 | |a b | |
| 200 | 1 | |a Spectral analysis of granular material reaction to long-term weak dynamic effect |f A. A. Kazantsev, V. P. Kosykh, A. F. Revuzhenko | |
| 203 | |a Text |c electronic | ||
| 225 | 1 | |a Advanced technologies and equipment for agro-industrial complex (AIC) and mining | |
| 300 | |a Title screen | ||
| 320 | |a [References: 12 tit.] | ||
| 330 | |a The paper demonstrates the similarity of alternating reaction of rocks to explosions to the response of a granular material to repetitive (up to 330 thousands) light shocks (3.85 -10{-3} J, frequency 1.33 Hz). The cause of both reactions is multiple forms of equilibrium of geomaterials. It has been stated that pressure of the sensor in a granular material subject to long-term weak effects doesn't relax to the hydrostatic one, but oscillates about it with the amplitude about its value. The spectral density of this process obeys the power dependence on the frequency; the exponent is typical for black noise. | ||
| 333 | |a Режим доступа: по договору с организацией-держателем ресурса | ||
| 461 | 0 | |0 (RuTPU)RU\TPU\network\2008 |t IOP Conference Series: Materials Science and Engineering | |
| 463 | 0 | |0 (RuTPU)RU\TPU\network\9359 |t Vol. 91: VI International Scientific Practical Conference on Innovative Technologies and Economics in Engineering, Yurga, Russia, 21-23 May 2015 |v [012089, 8 p.] |d 2015 | |
| 610 | 1 | |a электронный ресурс | |
| 610 | 1 | |a труды учёных ТПУ | |
| 610 | 1 | |a спектральный анализ | |
| 610 | 1 | |a гранулированные материалы | |
| 610 | 1 | |a геоматериалы | |
| 610 | 1 | |a породы | |
| 610 | 1 | |a взрывы | |
| 700 | 1 | |a Kazantsev |b A. A. |c mining engineer |c Head of the Department of Yurga technological Institute of Tomsk Polytechnic University, Candidate of technical sciences |f 1981- |g Anton Aleksandrovich |2 stltpush |3 (RuTPU)RU\TPU\pers\33584 |9 17242 | |
| 701 | 1 | |a Kosykh |b V. P. | |
| 701 | 1 | |a Revuzhenko |b A. F. | |
| 712 | 0 | 2 | |a Национальный исследовательский Томский политехнический университет (ТПУ) |b Юргинский технологический институт (филиал) (ЮТИ) |b Кафедра горно-шахтного оборудования (ГШО) |h 2088 |2 stltpush |3 (RuTPU)RU\TPU\col\18984 |
| 801 | 2 | |a RU |b 63413507 |c 20161122 |g RCR | |
| 856 | 4 | 0 | |u http://dx.doi.org/10.1088/1757-899X/91/1/012089 |
| 856 | 4 | 0 | |u http://earchive.tpu.ru/handle/11683/20040 |
| 942 | |c CF | ||